| 000 | 00000nam 2200000zi 4500 |
| 001 | 9.933849 |
| 003 | CaOODSP |
| 005 | 20240416131015 |
| 006 | m o d f |
| 007 | cr cn||||||||| |
| 008 | 240213t20242024quc o f000 0 eng d |
| 020 | |a9780660702407 |
| 040 | |aCaOODSP|beng|erda|cCaOODSP |
| 043 | |an-cn--- |
| 086 | 1 |aSG5-101/2024E-PDF |
| 245 | 00|aCanada Pension Plan disability benefit toolkit : |byour complete guide. |
| 246 | 13|aCanada Pension Plan disability benefits toolkit : |byour complete guide |
| 264 | 1|a[Gatineau, Quebec] : |bService Canada, |c2024. |
| 264 | 4|c©2024 |
| 300 | |a1 online resource (62 pages) |
| 336 | |atext|btxt|2rdacontent |
| 337 | |acomputer|bc|2rdamedia |
| 338 | |aonline resource|bcr|2rdacarrier |
| 500 | |aCover title. |
| 500 | |aIssued also in French under title: Boite à outils de la Prestation d'invalidité du Régime de pensions du Canada : votre guide complet. |
| 500 | |a"Winter 2024." |
| 610 | 20|aCanada Pension Plan Disability Program. |
| 650 | 0|aPensions|xGovernment policy|zCanada. |
| 650 | 0|aDisability insurance|zCanada. |
| 710 | 1 |aCanada. |bService Canada, |eissuing body. |
| 775 | 08|tBoite à outils de la Prestation d'invalidité du Régime de pensions du Canada : |w(CaOODSP)9.933850 |
| 795 | |tCanada Pension Plan disability benefit toolkit : |w(CaOODSP)9.914077 |
| 856 | 40|qPDF|s1.19 MB|uhttps://publications.gc.ca/collections/collection_2024/servcan/SG5-101-2024-eng.pdf |
| 856 | 4 |qHTML|sN/A|uhttps://www.canada.ca/en/employment-social-development/programs/pension-plan-disability-benefits/reports/toolkit.html |